<?xml version="1.0" encoding="UTF-8"?>
<record
    xmlns:xsi="http://www.w3.org/2001/XMLSchema-instance"
    xsi:schemaLocation="http://www.loc.gov/MARC21/slim http://www.loc.gov/standards/marcxml/schema/MARC21slim.xsd"
    xmlns="http://www.loc.gov/MARC21/slim">

  <leader>01625nam1a2200325 i 4500</leader>
  <controlfield tag="001">v19\rc\2028568</controlfield>
  <controlfield tag="005">20240921125546.0</controlfield>
  <datafield tag="035" ind1=" " ind2=" ">
    <subfield code="a">(NLR Aleph) 005108728</subfield>
  </datafield>
  <datafield tag="090" ind1=" " ind2=" ">
    <subfield code="a">7470096</subfield>
    <subfield code="c">7470096</subfield>
  </datafield>
  <datafield tag="100" ind1=" " ind2=" ">
    <subfield code="a">20080925g19149999km y0rusy50      ca</subfield>
  </datafield>
  <datafield tag="101" ind1="0" ind2=" ">
    <subfield code="a">ukr</subfield>
  </datafield>
  <datafield tag="102" ind1=" " ind2=" ">
    <subfield code="a">RU</subfield>
  </datafield>
  <datafield tag="105" ind1=" " ind2=" ">
    <subfield code="a">||||z||||||||</subfield>
  </datafield>
  <datafield tag="181" ind1=" " ind2="0">
    <subfield code="a">i </subfield>
    <subfield code="b">axxe  </subfield>
  </datafield>
  <datafield tag="182" ind1=" " ind2="0">
    <subfield code="a">n</subfield>
  </datafield>
  <datafield tag="200" ind1="1" ind2=" ">
    <subfield code="a">&#x423;&#x43A;&#x440;&#x430;&#x457;&#x43D;&#x441;&#x44C;&#x43A;&#x438;&#x439; &#x435;&#x442;&#x43D;&#x43E;&#x491;&#x440;&#x430;&#x444;&#x456;&#x447;&#x43D;&#x438;&#x439; &#x437;&#x431;&#x456;&#x440;&#x43D;&#x438;&#x43A;, &#x432;&#x438;&#x434;&#x430;&#x454; &#x443;&#x43A;&#x440;&#x430;&#x457;&#x43D;&#x441;&#x44C;&#x43A;&#x435; &#x43D;&#x430;&#x443;&#x43A;&#x43E;&#x432;&#x435; &#x442;&#x43E;&#x432;&#x430;&#x440;&#x438;&#x441;&#x442;&#x432;&#x43E; &#x432; &#x41A;&#x438;&#x457;&#x432;&#x456;</subfield>
    <subfield code="d">Ukrainische Gesellschaft der Wissenschaften in Kiew, Ethnographische Sammlung</subfield>
    <subfield code="f">&#x43F;&#x456;&#x434; &#x440;&#x435;&#x434;&#x430;&#x43A;&#x446;&#x456;&#x454;&#x44E; &#x41E;&#x43B;. &#x428;&#x440;&#x430;&#x43C;&#x447;&#x435;&#x43D;&#x43A;&#x430;, &#x432;&#x438;&#x434;&#x430;&#x43D;&#x438;&#x439; &#x437; &#x433;&#x440;&#x43E;&#x448;&#x435;&#x439; &#x437;&#x430;&#x43F;&#x438;&#x441;&#x430;&#x43D;&#x438;&#x445; &#x422;&#x43E;&#x432;&#x430;&#x440;&#x438;&#x441;&#x442;&#x432;&#x443; &#x43F;&#x43E;&#x43A;. &#x412;&#x43E;&#x43B;&#x43E;&#x434;&#x438;&#x43C;&#x438;&#x440;&#x43E;&#x43C; &#x41B;&#x43E;&#x437;&#x438;&#x43D;&#x44C;&#x441;&#x43A;&#x438;&#x439;</subfield>
    <subfield code="z">ger</subfield>
  </datafield>
  <datafield tag="203" ind1=" " ind2=" ">
    <subfield code="a">&#x422;&#x435;&#x43A;&#x441;&#x442;</subfield>
    <subfield code="b">&#x432;&#x438;&#x437;&#x443;&#x430;&#x43B;&#x44C;&#x43D;&#x44B;&#x439;</subfield>
    <subfield code="c">&#x43D;&#x435;&#x43F;&#x43E;&#x441;&#x440;&#x435;&#x434;&#x441;&#x442;&#x432;&#x435;&#x43D;&#x43D;&#x44B;&#x439;</subfield>
  </datafield>
  <datafield tag="210" ind1=" " ind2=" ">
    <subfield code="a">&#x41A;&#x438;&#x457;&#x432;</subfield>
    <subfield code="c">&#x414;&#x440;&#x443;&#x43A;&#x430;&#x440;&#x43D;&#x44F; &#x434;&#x440;&#x443;&#x433;&#x43E;&#x457; &#x434;&#x440;&#x443;&#x43A;&#x430;&#x440;&#x441;&#x44C;&#x43A;&#x43E;&#x457; &#x441;&#x43F;&#x456;&#x43B;&#x43A;&#x438;</subfield>
    <subfield code="d">1914-</subfield>
  </datafield>
  <datafield tag="215" ind1=" " ind2=" ">
    <subfield code="d">24</subfield>
  </datafield>
  <datafield tag="510" ind1="1" ind2=" ">
    <subfield code="a">Ukrainische Gesellschaft der Wissenschaften in Kiew, Ethnographische Sammlung</subfield>
    <subfield code="z">ger</subfield>
  </datafield>
  <datafield tag="606" ind1="1" ind2=" ">
    <subfield code="a">&#x423;&#x43A;&#x440;&#x430;&#x438;&#x43D;&#x446;&#x44B;</subfield>
    <subfield code="j">&#x421;&#x431;&#x43E;&#x440;&#x43D;&#x438;&#x43A;&#x438;</subfield>
    <subfield code="x">&#x42D;&#x442;&#x43D;&#x43E;&#x433;&#x440;&#x430;&#x444;&#x438;&#x447;&#x435;&#x441;&#x43A;&#x438;&#x435; &#x438;&#x441;&#x441;&#x43B;&#x435;&#x434;&#x43E;&#x432;&#x430;&#x43D;&#x438;&#x44F;</subfield>
    <subfield code="9">2204188</subfield>
    <subfield code="3">RU\NLR\AUTH\661324372</subfield>
  </datafield>
  <datafield tag="686" ind1="3" ind2=" ">
    <subfield code="a">&#x422;52(23=&#x423;&#x43A;)&#x44F;43</subfield>
  </datafield>
  <datafield tag="702" ind1=" " ind2="1">
    <subfield code="a">&#x428;&#x440;&#x430;&#x43C;&#x447;&#x435;&#x43D;&#x43A;&#x43E;</subfield>
    <subfield code="b">&#x41E;.</subfield>
    <subfield code="g">&#x41E;&#x43B;.</subfield>
    <subfield code="4">340</subfield>
  </datafield>
  <datafield tag="702" ind1=" " ind2="1">
    <subfield code="a">&#x41B;&#x43E;&#x437;&#x438;&#x43D;&#x441;&#x44C;&#x43A;&#x438;&#x439;</subfield>
    <subfield code="b">&#x412;. &#x42E;.</subfield>
    <subfield code="g">&#x412;&#x43E;&#x43B;&#x43E;&#x434;&#x438;&#x43C;&#x438;&#x440; &#x42E;&#x441;&#x442;&#x438;&#x43D;&#x43E;&#x432;&#x438;&#x447;</subfield>
    <subfield code="4">280</subfield>
  </datafield>
  <datafield tag="711" ind1="0" ind2="2">
    <subfield code="7">ca</subfield>
    <subfield code="8">ukr</subfield>
    <subfield code="a">&#x423;&#x43A;&#x440;&#x430;&#x457;&#x43D;&#x441;&#x44C;&#x43A;&#x435; &#x43D;&#x430;&#x443;&#x43A;&#x43E;&#x432;&#x435; &#x442;&#x43E;&#x432;&#x430;&#x440;&#x438;&#x441;&#x442;&#x432;&#x43E;</subfield>
    <subfield code="c">&#x41A;&#x438;&#x457;&#x432;</subfield>
    <subfield code="9">884130</subfield>
    <subfield code="3">RU\NLR\AUTH\880612279</subfield>
  </datafield>
  <datafield tag="852" ind1=" " ind2=" ">
    <subfield code="a">NLR</subfield>
    <subfield code="j">64-7/2235</subfield>
  </datafield>
  <datafield tag="942" ind1=" " ind2=" ">
    <subfield code="c">BOOK</subfield>
  </datafield>
</record>
